[Event "CAN-ch U10"]
[Site "Vancouver"]
[Date "2012.07.03"]
[Round "1"]
[White "Jing, Ryan"]
[Black "Thomson, Noah"]
[Result "1-0"]
[WhiteElo "913"]
[BlackElo "622"]
[PlyCount "133"]
[EventDate "2012.07.03"]
[EventType "swiss"]
[EventRounds "7"]
[EventCountry "CAN"]
[SourceTitle "EXT 2022"]
[Source "ChessBase"]
[SourceDate "2021.10.06"]
[SourceVersion "1"]
[SourceVersionDate "2021.10.06"]
[SourceQuality "1"]

1. e4 b6 2. Nf3 Bb7 3. Nc3 e6 4. Bc4 d5 5. exd5 exd5 6. Bb3 d4 7. Qe2+ Qe7 8. Qxe7+ Kxe7 9. Nxd4 Bxg2 10. Rg1 Bh3 11. d3 g6 12. Bf4 Bg7 13. Ndb5 Bxc3+ 14. Nxc3 c6 15. 0-0-0 Nd7 16. Bg5+ f6 17. Bh6 Nxh6 18. Rg3 Be6 19. Re1 Nf5 20. Rxe6+ Kd8 21. Rg1 Nd4 22. Re3 Nxb3+ 23. axb3 f5 24. f4 Nf6 25. Re6 Nd5 26. Rd6+ Kc8 27. Nxd5 cxd5 28. Rxd5 h6 29. Rxg6 Kb7 30. Rg7+ Ka6 31. b4 Rhe8 32. Kd2 Rab8 33. Rxf5 Rb7 34. Rg6 Rbe7 35. b5+ Ka5 36. Kc3 Rc8+ 37. Kb3 Rec7 38. Rg1 Rc5 39. Ra1+ Kxb5 40. c4+ Kc6 41. Rxc5+ Kxc5 42. Rxa7 Rf8 43. Rc7+ Kd6 44. Rb7 Rxf4 45. Rxb6+ Kc7 46. Rxh6 Rf8 47. Rh7+ Kc8 48. Ra7 Kb8 49. Re7 Ka8 50. c5 Rb8+ 51. Ka2 Rc8 52. b4 Rh8 53. Re2 Kb7 54. b5 Rc8 55. d4 Ra8+ 56. Kb3 Kb8 57. b6 Kc8 58. c6 Kd8 59. c7+ Kc8 60. Re8+ Kd7 61. Rxa8 Ke7 62. b7 Kd6 63. c8Q Kd5 64. b8Q Kxd4 65. Qc4+ Ke3 66. Qe5+ Kd2 67. Qee2# 1-0

[Event "CAN-ch U10"]
[Site "Vancouver"]
[Date "2012.07.03"]
[Round "2"]
[White "Talukdar, Rohan Shyam"]
[Black "Jing, Ryan"]
[Result "1-0"]
[WhiteElo "1254"]
[BlackElo "913"]
[PlyCount "51"]
[EventDate "2012.07.03"]
[EventType "swiss"]
[EventRounds "7"]
[EventCountry "CAN"]
[SourceTitle "EXT 2022"]
[Source "ChessBase"]
[SourceDate "2021.10.06"]
[SourceVersion "1"]
[SourceVersionDate "2021.10.06"]
[SourceQuality "1"]

1. d4 d5 2. c4 e6 3. Nc3 Nf6 4. Bg5 Bb4 5. e3 Nc6 6. Nf3 Bd7 7. a3 Ba5 8. b4 Bb6 9. c5 Bxc5 10. bxc5 Qe7 11. Rb1 Na5 12. Be2 h6 13. Bf4 c6 14. Qa4 Nc4 15. Bxc4 dxc4 16. Qxc4 b6 17. Bd6 Qd8 18. 0-0 Ne4 19. Be5 f6 20. Bg3 Nxg3 21. hxg3 b5 22. Qd3 Qc7 23. Qg6+ Kf8 24. Ne4 f5 25. Nd6 a6 26. Qf7# 1-0

[Event "CAN-ch U10"]
[Site "Richmond Hill"]
[Date "2011.07.06"]
[Round "3"]
[White "Jing, Ryan"]
[Black "Chertkow, Matthew"]
[Result "0-1"]
[WhiteElo "917"]
[BlackElo "817"]
[PlyCount "32"]
[EventDate "2011.07.06"]
[EventType "swiss"]
[EventRounds "7"]
[EventCountry "CAN"]
[SourceTitle "EXT 2022"]
[Source "ChessBase"]
[SourceDate "2021.10.06"]
[SourceVersion "1"]
[SourceVersionDate "2021.10.06"]
[SourceQuality "1"]

1. e4 e5 2. Nf3 Nc6 3. Bc4 Nf6 4. Nc3 Nxe4 5. Bxf7+ Kxf7 6. Nxe4 d5 7. Neg5+ Kg8 8. Qe2 Bd6 9. c4 Nb4 10. 0-0 Bf5 11. a3 Bd3 12. Qd1 Bxf1 13. Qxf1 e4 14. Nd4 Qxg5 15. d3 Qe5 16. Be3 Qxh2# 0-1